Nie je úraz ako „úraz“

Problematika vymedzenia pojmu úraz ako poistného rizika. Právno-aplikačné problémy a právne riziká plynúce z príliš úzkych a nejednoznačných vymedzení tohto pojmu v poistných podmienkach, ktoré sa na slovenskom poistnom trhu v súčasnosti štandardne používajú. Riešenie načrtnutých problémov je predov...

Ausführliche Beschreibung

Gespeichert in:
Bibliographische Detailangaben
1. Verfasser: Šimončič, Ľuboš
Weitere Verfasser: Sýkorová, Jana
Format: Buchkapitel
Sprache:Slowakisch
Schlagworte:
Tags: Tag hinzufügen
Keine Tags, Fügen Sie das erste Tag hinzu!

MARC

LEADER 00000naa a2200000 4500
001 0235060
005 20220805073423.3
041 0 |a slo 
044 |a SK 
245 1 0 |a Nie je úraz ako „úraz“  |c Ľuboš Šimončič, Jana Sýkorová 
520 |a Problematika vymedzenia pojmu úraz ako poistného rizika. Právno-aplikačné problémy a právne riziká plynúce z príliš úzkych a nejednoznačných vymedzení tohto pojmu v poistných podmienkach, ktoré sa na slovenskom poistnom trhu v súčasnosti štandardne používajú. Riešenie načrtnutých problémov je predovšetkým v zjednodušení produktov a v transparentnejšom informovaní spotrebiteľov o skutočnom obsahu služieb, ktoré sú im ponúkané, resp. poskytované. 
610 2 0 |a riziko poistné 
610 2 0 |a trh poistný 
610 2 0 |a poistenie úrazové 
610 2 0 |a legislatíva 
100 1 |a Šimončič, Ľuboš 
700 1 |a Sýkorová, Jana